| 000 | 00450nam a22001817a 4500 | ||
|---|---|---|---|
| 003 | MPLRDC | ||
| 005 | 20220104124656.0 | ||
| 008 | 210129b ||||| |||| 00| 0 eng d | ||
| 020 | _a7-5340-0253-2 | ||
| 082 | _a947.415 ZJRM v.3 | ||
| 100 | _a不详 | ||
| 245 |
_a孙子兵法. 连环画. 第三册 _c |
||
| 250 | _a一版一刷 | ||
| 260 |
_a _b浙江人民美术出版社 _c1991 |
||
| 300 | _b平 | ||
| 650 | _a | ||
| 942 |
_cBK _o947.415 ZJRM v.3 |
||
| 999 |
_c21237 _d21227 |
||